| 000 | 01246nam a2200325Ia 4500 | ||
|---|---|---|---|
| 001 | ebr10194718 | ||
| 003 | CaPaEBR | ||
| 006 | m u | ||
| 007 | cr cn||||||||| | ||
| 008 | 001018s2001 ilu sb 000 0 eng d | ||
| 010 | _z 00052164 | ||
| 020 | _z9780838935064 | ||
| 020 | _z0838935060 | ||
| 040 |
_aCaPaEBR _cCaPaEBR |
||
| 035 | _a(OCoLC)607873446 | ||
| 050 | 1 | 4 |
_aZ679.2.U54 _bC44 2001eb |
| 082 | 0 | 4 |
_a727/.8 _221 |
| 245 | 0 | 0 |
_aChecklist of library building design considerations _h[electronic resource] / _c[edited by] William W. Sannwald. |
| 250 | _a4th ed. | ||
| 260 |
_aChicago : _bAmerican Library Association, _c2001. |
||
| 300 | _avii, 183 p. | ||
| 504 | _aIncludes bibliographical references (p. 181-183). | ||
| 533 |
_aElectronic reproduction. _bPalo Alto, Calif. : _cebrary, _d2009. _nAvailable via World Wide Web. _nAccess may be limited to ebrary affiliated libraries. |
||
| 650 | 0 |
_aLibrary architecture _zUnited States. |
|
| 650 | 0 |
_aArchitecture _zUnited States. |
|
| 655 | 7 |
_aElectronic books. _2local |
|
| 700 | 1 | _aSannwald, William W. | |
| 710 | 2 | _aebrary, Inc. | |
| 856 | 4 | 0 |
_uhttp://site.ebrary.com/lib/rucke/Doc?id=10194718 _zAn electronic book accessible through the World Wide Web; click to view |
| 999 |
_c220587 _d220587 |
||